Les régimes alimentaires Que mangent ceux qui les choisissent ? - Statistiques

Statistiques générales
  • Ce quiz a été pris 30 fois
  • Le résultat moyen est 88 sur 135
Statistiques - réponses
Question Tuile Select % Correct
par un végétarien (dit aussi ovo-lacto végétarien) Non
100%
par un végétarien (dit aussi ovo-lacto végétarien) Non
100%
par un végétarien (dit aussi ovo-lacto végétarien) Oui
96%
par un lacto-végétarien Non
96%
par un lacto-végétarien Non
96%
par un végétarien (dit aussi ovo-lacto végétarien) Oui
93%
par un végétarien (dit aussi ovo-lacto végétarien) Oui
93%
par un végétarien (dit aussi ovo-lacto végétarien) Oui
93%
par un végétarien (dit aussi ovo-lacto végétarien) Oui
93%
par un végétarien (dit aussi ovo-lacto végétarien) Oui
93%
par un lacto-végétarien Non
93%
par un végétarien (dit aussi ovo-lacto végétarien) Non
89%
par un végétarien (dit aussi ovo-lacto végétarien) Oui
85%
par un végétarien (dit aussi ovo-lacto végétarien) Oui
85%
par un lacto-végétarien Oui
85%
par un lacto-végétarien Oui
85%
par un lacto-végétarien Oui
85%
par un lacto-végétarien Oui
85%
par un ovo-végétarien Non
85%
par un ovo-végétarien Non
85%
par un végétarien (dit aussi ovo-lacto végétarien) Oui
81%
par un végétarien (dit aussi ovo-lacto végétarien) Oui
81%
par un lacto-végétarien Oui
81%
par un lacto-végétarien Oui
81%
par un lacto-végétarien Oui
81%
par un ovo-végétarien Oui
81%
par un végétalien Non
81%
par un végétalien Non
81%
par un végétalien Non
81%
par un végétarien (dit aussi ovo-lacto végétarien) Oui
78%
par un végétarien (dit aussi ovo-lacto végétarien) Oui
78%
par un lacto-végétarien Non
78%
par un lacto-végétarien Oui
78%
par un ovo-végétarien Non
78%
par un ovo-végétarien Oui
78%
par un ovo-végétarien Oui
78%
par un végétalien Oui
78%
par un végétalien Oui
78%
par un végétalien Non
78%
par un fléxitarien Oui
78%
par un ovo-végétarien Non
74%
par un ovo-végétarien Non
74%
par un végétalien Oui
74%
par un végétalien Non
74%
par un végétalien Non
74%
par un végétalien Oui
74%
par un végétalien Non
74%
par un fléxitarien Oui
74%
par un fléxitarien Oui
74%
par un lacto-végétarien Oui
70%
par un ovo-végétarien Oui
70%
par un végétalien Oui
70%
par un fléxitarien Oui
70%
par un fléxitarien Oui
70%
par un fléxitarien Oui
70%
par un fléxitarien Oui
70%
par un fléxitarien Oui
70%
par un fléxitarien Oui
70%
par un fléxitarien Oui
70%
par un fléxitarien Oui
70%
par un fruitarien Non
70%
par un fruitarien Oui
70%
par un fruitarien Non
70%
par un fruitarien Non
70%
par un fruitarien Non
70%
par un fruitarien Non
70%
par un fruitarien Non
70%
par un ovo-végétarien Oui
67%
par un ovo-végétarien Oui
67%
par un ovo-végétarien Oui
67%
par un végétalien Oui
67%
par un végétalien Oui
67%
par un fléxitarien Oui
67%
par un fruitarien Non
67%
par un pesco-végétarien Non
67%
par un pesco-végétarien Non
67%
par un lacto-végétarien Oui
63%
par un ovo-végétarien Oui
63%
par un ovo-végétarien Non
63%
par un fléxitarien Oui
63%
par un fléxitarien Oui
63%
par un fléxitarien Oui
63%
par un lacto-végétarien Oui
59%
par un ovo-végétarien Oui
59%
par un fruitarien Non
59%
par un fruitarien Non
59%
par un pesco-végétarien Oui
59%
par un pesco-végétarien Oui
59%
par un pesco-végétarien Oui
59%
par un pollo-pescétarien Non
59%
par un pollotarien Oui
56%
par un pollo-pescétarien Oui
56%
par un pollo-pescétarien Oui
56%
par un pollo-pescétarien Oui
56%
par un végétalien Non
52%
par un fruitarien Non
52%
par un fruitarien Non
52%
par un fruitarien Non
52%
par un pesco-végétarien Oui
52%
par un pesco-végétarien Oui
52%
par un pesco-végétarien Oui
52%
par un pesco-végétarien Oui
52%
par un pesco-végétarien Oui
48%
par un pesco-végétarien Oui
48%
par un pollotarien Non
48%
par un pollotarien Oui
48%
par un pollotarien Oui
48%
par un pollotarien Oui
48%
par un pollotarien Oui
48%
par un pollotarien Non
48%
par un pollo-pescétarien Oui
48%
par un pollo-pescétarien Oui
48%
par un pollo-pescétarien Oui
48%
par un pesco-végétarien Oui
44%
par un pesco-végétarien Oui
44%
par un pollotarien Oui
44%
par un pollotarien Oui
44%
par un pollo-pescétarien Oui
44%
par un pesco-végétarien Oui
41%
par un pollotarien Oui
41%
par un pollotarien Oui
41%
par un pollotarien Oui
41%
par un pollo-pescétarien Oui
41%
par un pollo-pescétarien Oui
41%
par un pollo-pescétarien Oui
41%
par un pollo-pescétarien Oui
41%
par un pesco-végétarien Oui
37%
par un pollotarien Oui
37%
par un pollotarien Oui
37%
par un pollotarien Oui
37%
par un pollo-pescétarien Oui
37%
par un pollo-pescétarien Oui
37%
par un pollo-pescétarien Oui
37%
par un fruitarien Non
33%
par un fruitarien Non
30%
Aucun quiz correspondant
Distribution des résultats
% des personnes avec chaque résultat
Percentile par nombre de réponses
Votre historique - résultats
Vous n’avez pas pris ce quiz